[Event "Invitation"]
[Site "http://www.queenalice.com/game.php?id=648165"]
[Date "2009.9.6"]
[Round "-"]
[White "jrgo"]
[Black "ACAFSoares"]
[Result "1-0"]
[WhiteElo "1069"]
[BlackElo "1100"]

1. e4 e5 2. Bc4 Ne7 3. Qh5 g6 4. Qf3 Bh6 5. Bxf7+ Kf8 6. Qf6 Nbc6 7. Be8+ Kxe8
8. Qxh8+ Bf8 9. Qxh7 b6 10. Nf3 Na5 11. Ng5 Ba6 12. Nf7 Qc8 13. Nc3 Nc4 14. d3
Na5 15. Bg5 Nac6 16. Ne2 Nb4 17. c3 Nc2+ 18. Kd2 Nxa1 19. Rxa1 c6 20. c4 b5 21.
cxb5 Bxb5 22. f4 d6 23. fxe5 dxe5 24. Nc1 Qc7 25. Nb3 Qd7 26. Nc5 Qd4 27. Ne6
Qxb2+ 28. Ke3 Qxa1 29. Nd6+ Kd7 30. Bxe7 Bxe7 31. Qxg6 Qd1 32. Nxb5 Rf8 33.
Nxf8+ Bxf8 34. Qf7+ Be7 35. Qf5+ Kd8 36. Qxe5 cxb5 37. Qxb5 Qe1+ 38. Kd4 Qc1 39.
Qb8+ Qc8 40. Qxa7 Bf6+ 41. e5 Qc7 42. Qa6 Bxe5+ 43. Ke3 Bc3 44. h4 Bg7 45. a4
Bc3 46. d4 Be1 47. h5 Qe7+ 48. Kf4 Bf2 49. Qa5+ Qc7+ 50. Qe5 Qd7 51. a5 Bg1 52.
d5 Bh2+ 53. g3 Qa7 54. Qd6+ Qd7 55. Qe5 Qg7 56. Qxg7 Bg1 57. a6 Bb6 58. d6 Bc5
59. Qe7+ Kc8 60. h6 Bb6 61. d7+ Kc7 62. d8=Q+ Kc6 63. Qdd6+ Kb5 64. Qb7 Ka4 65.
h7 Be3+ 66. Ke4 Ka5 67. Qa3# 1-0

[Event "Challenge"]
[Site "http://www.queenalice.com/game.php?id=660365"]
[Date "2009.9.30"]
[Round "-"]
[White "jrgo"]
[Black "digger"]
[Result "0-1"]
[WhiteElo "1086"]
[BlackElo "1567"]

1. e4 e5 2. g3 c5 3. c3 d6 4. f3 Nc6 5. Bb5 Bd7 6. a4 Nce7 7. d3 Bxb5 8. axb5 a5
9. c4 Nf6 10. Ra4 Ng6 11. h4 h5 12. Nc3 Nd7 13. Nd5 Nb6 14. Bg5 f6 15. Be3 Nxd5
16. exd5 Ne7 17. Qb3 Nf5 18. Bf2 g6 19. b6 Ra6 20. Qb5+ Qd7 21. Qb3 Bh6 22. Qa2
Be3 23. Bxe3 Nxe3 24. Ke2 Nf5 25. Ke1 Nxg3 26. Rh2 Kf7 27. Kf2 Nf5 28. Ne2 Rha8
29. Qb3 Qd8 30. Qc2 Rxb6 31. f4 exf4 32. Nxf4 Qe8 33. Ne6 Nh6 34. Rg2 Qg8 35. b3
Nf5 36. Rh2 Nh6 37. d4 cxd4 38. Nxd4 Ng4+ 39. Kg2 Ne3+ 40. Kf2 Nxc2 41. Nxc2
Rxb3 42. Ra1 Qc8 43. Ra4 Qc5+ 44. Kf1 Re8 45. Na1 Rb1+ 46. Kg2 Re2+ 47. Kg3 Qe3#
0-1

[Event "Challenge"]
[Site "http://www.queenalice.com/game.php?id=716883"]
[Date "2010.1.19"]
[Round "-"]
[White "jrgo"]
[Black "digger"]
[Result "0-1"]
[WhiteElo "1096"]
[BlackElo "1580"]

1. Nf3 d5 2. Nd4 e5 3. Nb3 Nc6 4. Nc3 d4 5. Ne4 Bf5 6. Ng3 Nf6 7. Nxf5 Qd7 8.
Nh4 g5 9. Nf3 Qf5 10. Nxg5 Qxg5 11. d3 Qf5 12. f3 O-O-O 13. Qd2 Bb4 14. c3 dxc3
15. bxc3 Be7 16. e4 Qh5 17. Qf2 Rd6 18. c4 Rhd8 19. a3 R6d7 20. h3 Qg6 21. g4 h5
22. gxh5 Nxh5 23. Qg2 Bh4+ 24. Kd1 Qxg2 25. Bxg2 Rxd3+ 26. Bd2 Bg5 27. Nc1 Rxd2+
28. Ke1 Rxg2 29. Ra2 Bh4+ 30. Kf1 Rxa2 31. Nxa2 Rd1+ 32. Kg2 Rd2+ 33. Kf1 Rxa2
34. Kg1 Bf2+ 35. Kg2 Be3+ 36. Kf1 Nd4 37. c5 Ng3+ 38. Ke1 Nxf3+ 39. Kd1 Ra1+ 40.
Kc2 Rxh1 41. Kc3 Rd1 42. h4 Nxe4+ 43. Kc2 Rd2+ 44. Kb3 c6 45. h5 Nxc5+ 46. Kc3
a5 47. Kc4 Rc2# 0-1

[Event "OS INCLIVEIS"]
[Site "http://www.queenalice.com/game.php?id=1483825"]
[Date "2017.6.26"]
[Round "-"]
[White "adelio"]
[Black "jrgo"]
[Result "1-0"]
[WhiteElo "1467"]
[BlackElo "1099"]

1. d4 Nc6 2. d5 Ne5 3. Nc3 c5 4. dxc6 Nxc6 5. e4 Nf6 6. Bc4 a6 7. Bxf7+ Kxf7 8.
Nh3 d6 9. Ng5+ Ke8 10. Nd5 Nxd5 11. Qxd5 a5 12. Qf7+ Kd7 13. Ne6 Qb6 14. Nxf8+
Rxf8 15. Qxf8 a4 16. Qxg7 Qd4 17. Qxh7 b5 18. Qh3+ Kc7 19. Qh7 Bg4 20. O-O Ne5
21. Qxe7+ Kc6 22. Qf6 Be2 23. Be3 Qxe4 24. Qf4 Qd5 25. Rfe1 Bc4 26. Rad1 Qe6 27.
Bd4 Re8 28. Bxe5 dxe5 29. Qe4+ Kc7 30. Rd2 a3 31. Red1 axb2 32. Qh7+ Kc6 33. c3
Re7 34. Qe4+ Kc5 35. Qe3+ Kc6 36. Rxb2 Rg7 37. Rbd2 Rg4 38. Rd6+ Qxd6 39. Rxd6+
Kxd6 40. Qh6+ Be6 41. Qd2+ Bd5 42. f3 Rc4 43. Kf2 Kc5 44. Qe3+ Kc6 45. Qxe5 Bxf3
46. Qf6+ Kd5 47. Qxf3+ Kc5 48. Qe3+ Kc6 49. Kf3 b4 50. Qe6+ Kc5 51. Qxc4+ Kb6
52. Qxb4+ Kc6 53. c4 Kc7 54. c5 Kc6 55. Ke4 Kd7 56. Kd5 Ke7 57. c6+ Kd8 58. Qd6+
Ke8 59. Qd7+ Kf8 60. c7 Kg8 61. c8=Q# 1-0

[Event "Let's Play Chess!"]
[Site "http://www.queenalice.com/game.php?id=1786753"]
[Date "2022.4.14"]
[Round "-"]
[White "jrgo"]
[Black "Bano"]
[Result "0-1"]
[WhiteElo "1114"]
[BlackElo "1644"]

1. e4 g6 2. Nh3 d5 3. Qf3 e6 4. Nc3 Qf6 5. d4 Qxd4 6. Be3 Qb4 7. Kd2 Qxb2 8. Rb1
Qa3 9. Bb5+ c6 10. Ba4 Qd6 11. Ng5 dxe4+ 12. Ke1 exf3 13. Nxf3 Bh6 14. Bxh6 Nxh6
15. h3 O-O 16. h4 Re8 17. Bb3 e5 18. Rh2 e4 19. Nxe4 Rxe4+ 20. Kf1 Ng4 21. g3
Nxh2+ 22. Kg2 Ng4 23. Ng5 Nh6 24. f3 Re2+ 25. Kf1 Qd2 26. f4 Rf2+ 27. Kg1 Rg2+
28. Kf1 Qf2# 0-1

[Event "Challenge"]
[Site "http://www.queenalice.com/game.php?id=1786991"]
[Date "2022.4.15"]
[Round "-"]
[White "jrgo"]
[Black "Aquarebel"]
[Result "0-1"]
[WhiteElo "1114"]
[BlackElo "1535"]

1. e4 e5 2. Bc4 b5 3. Bxb5 Bb7 4. Qf3 f6 5. Nc3 Bb4 6. g4 Bxc3 7. bxc3 g5 8. Ba3
c6 9. Bc4 d5 10. exd5 Qa5 11. Bd6 cxd5 12. Bb3 Nd7 13. Ne2 Qb6 14. Ba3 d4 15.
Qf5 Bxh1 16. Ba4 Bc6 17. Bxc6 Qxc6 18. cxd4 Qh1+ 19. Ng1 Qxg1+ 20. Ke2 Qxa1 21.
c3 Qxa2 22. Bd6 Nh6 23. Qf3 Rc8 24. h4 gxh4 25. g5 fxg5 26. Qh5+ Nf7 27. Bb4 a5
28. Bc5 h6 29. dxe5 Rxc5 30. e6 Qxe6+ 31. Kd3 a4 32. Qf3 Nde5+ 33. Ke2 Nxf3+ 34.
Kxf3 h5 35. d4 Rxc3+ 36. Kg2 Rg3+ 37. fxg3 hxg3 38. Kxg3 Qg4+ 39. Kf2 Ke7 40. d5
Rb8 41. d6+ Kxd6 42. Kf1 Qh3+ 43. Kf2 Rb2+ 44. Ke1 Qh1# 0-1

[Event "AUTO-OPEN-4362"]
[Site "http://www.queenalice.com/game.php?id=1787242"]
[Date "2022.4.18"]
[Round "1"]
[White "dimitridruloza2012"]
[Black "jrgo"]
[Result "1-0"]
[WhiteElo "1745"]
[BlackElo "1110"]

1. d4 e6 2. e3 Bb4+ 3. Bd2 Bd6 4. Nc3 g6 5. Nf3 Qf6 6. Bc4 b6 7. Nb5 Ba6 8.
Nxd6+ cxd6 9. Qe2 d5 10. Bxa6 Nc6 11. Bb7 Rb8 12. Bxc6 dxc6 13. Ne5 Qf5 14. Nxc6
Rc8 15. Nxa7 Rxc2 16. Qb5+ Ke7 17. Qxb6 h5 18. Bb4+ Kf6 19. Qd8+ Ne7 20. Qxh8+
Kg5 21. h4+ Kg4 22. f3+ Kg3 23. Bd6+ e5 24. Bxe5+ Kxg2 25. Rh2+ Kxf3 26. Qa8 Rc4
27. Rf2+ Kxe3 28. Rxf5 gxf5 29. Qe8 Ng6 30. Qxf7 Nxh4 31. Qxh5 Ng2+ 32. Kf1 Rc2
33. Qg5+ Kf3 34. Qxf5+ Nf4 35. Qxc2 Nh3 36. Qe2# 1-0

[Event "AUTO-OPEN-4362"]
[Site "http://www.queenalice.com/game.php?id=1787243"]
[Date "2022.4.18"]
[Round "1"]
[White "jrgo"]
[Black "dimitridruloza2012"]
[Result "0-1"]
[WhiteElo "1112"]
[BlackElo "1770"]

1. e4 e5 2. Qf3 Nf6 3. Qc3 Nxe4 4. Qe3 d5 5. d3 Nf6 6. Qxe5+ Be6 7. d4 Nc6 8.
Qg3 Nxd4 9. Bd3 Bd6 10. Qg5 Ng4 11. Qxg7 Be5 12. Qxg4 Bxg4 13. h3 Bd7 14. c3 Nc6
15. f4 Bf6 16. Na3 Qe7+ 17. Kf2 Qc5+ 18. Ke2 O-O-O 19. Nf3 Rhe8+ 20. Kd1 Qf2 21.
Ng1 Qe1+ 22. Kc2 Qf2+ 23. Ne2 Qxg2 24. Rg1 Qxh3 25. Nb5 Kb8 26. Ng3 a6 27. Na3
Na5 28. b4 Ba4+ 29. Kb1 Bxc3 30. bxa5 Qh2 31. Rh1 Qxg3 32. Bb2 Qxd3+ 33. Kc1
Bd2# 0-1

[Event "AUTO-OPEN-4362"]
[Site "http://www.queenalice.com/game.php?id=1787270"]
[Date "2022.4.18"]
[Round "1"]
[White "jrgo"]
[Black "rockaudrey"]
[Result "0-1"]
[WhiteElo "1094"]
[BlackElo "1857"]

1. e4 c5 2. Bc4 d6 3. d3 Nf6 4. Bf4 e6 5. Nh3 Be7 6. Na3 O-O 7. Ng5 Qb6 8. Qf3
Qxb2 9. Qd1 Qxa3 10. Rb1 a6 11. Rb3 Qa5+ 12. c3 d5 13. Bxd5 exd5 14. exd5 Nxd5
15. Nf3 Nxf4 16. g3 Nd5 17. Ne5 Bf6 18. Nf3 Re8+ 19. Kf1 Bxc3 20. h4 Bg4 21.
Rxc3 Qxc3 22. Kg2 Nc6 23. h5 Nd4 24. Qa4 Bxf3+ 25. Kh3 Bxh1 26. g4 Qxd3+ 27. f3
Qxf3+ 28. Kh4 Re4 29. Qd7 Nf6 30. Qxb7 Qxg4# 0-1

[Event "AUTO-OPEN-4362"]
[Site "http://www.queenalice.com/game.php?id=1787271"]
[Date "2022.4.18"]
[Round "1"]
[White "rockaudrey"]
[Black "jrgo"]
[Result "1-0"]
[WhiteElo "1815"]
[BlackElo "1108"]

1. e4 e5 2. Nf3 d6 3. d4 exd4 4. Nxd4 Nf6 5. Nc3 c5 6. Nb3 Bg4 7. f3 Bh5 8. Bg5
h6 9. Bh4 g5 10. Bg3 Nc6 11. Bb5 a6 12. Bc4 Nb4 13. a3 Nc6 14. Qd2 b5 15. Bd5
Ne7 16. Bxa8 Qxa8 17. Qxd6 Qa7 18. O-O-O c4 19. Qd8# 1-0

[Event "AUTO-OPEN-4362"]
[Site "http://www.queenalice.com/game.php?id=1787272"]
[Date "2022.4.18"]
[Round "1"]
[White "jrgo"]
[Black "Elcid1960"]
[Result "0-1"]
[WhiteElo "1111"]
[BlackElo "1236"]

1. e4 c6 2. Nc3 d5 3. exd5 cxd5 4. d4 Nf6 5. Bf4 a6 6. Nf3 Bg4 7. h3 Bh5 8. g4
Bg6 9. b4 b5 10. Qe2 e6 11. Ne5 Qb6 12. g5 Nh5 13. Bg2 Nxf4 14. Qf3 Qxd4 15. Nb1
Qxa1 16. Kd2 Bxb4+ 17. Nc3 Bxc3+ 18. Ke3 Nxg2+ 19. Qxg2 Qxa2 20. Rd1 Qxc2 21.
Rg1 Qd2+ 22. Kf3 Bxe5 23. Rf1 Qf4+ 24. Ke2 O-O 25. Qg4 Qxg4+ 26. hxg4 Bf4 27.
Kf3 e5 28. Rd1 Be4+ 29. Ke2 Bxg5 30. f3 Bg6 31. Rxd5 Re8 32. f4 exf4+ 33. Kf2
Bh4+ 34. Kf3 Be4+ 35. Kxf4 Bxd5 36. g5 Re4+ 37. Kf5 Nd7 38. g6 Re5+ 39. Kg4 Re4+
40. Kh5 fxg6# 0-1

[Event "AUTO-OPEN-4362"]
[Site "http://www.queenalice.com/game.php?id=1787273"]
[Date "2022.4.18"]
[Round "1"]
[White "Elcid1960"]
[Black "jrgo"]
[Result "1-0"]
[WhiteElo "1135"]
[BlackElo "1106"]

1. b3 Nc6 2. Bb2 e6 3. c4 Bc5 4. Bxg7 Qh4 5. e3 a5 6. Bxh8 Nb4 7. Bb2 b6 8. Nf3
Qe4 9. Nc3 Nc2+ 10. Ke2 Ba6 11. Rc1 Nb4 12. a3 Na2 13. Nxa2 b5 14. Nc3 Qf5 15.
Qc2 Qh5 16. Ne4 bxc4 17. bxc4 d6 18. d4 Bb6 19. Ke1 d5 20. Be2 dxe4 21. Qxe4 Rd8
22. Qc6+ Rd7 23. Ne5 Qg5 24. Qxd7+ Kf8 25. Qxf7# 1-0

[Event "Challenge"]
[Site "http://www.queenalice.com/game.php?id=1788725"]
[Date "2022.5.10"]
[Round "-"]
[White "jrgo"]
[Black "ilbarbierefallito"]
[Result "0-1"]
[WhiteElo "1113"]
[BlackElo "1511"]

1. d4 d5 2. e3 Nf6 3. Nf3 Nc6 4. Ng5 h6 5. Nf3 e6 6. Nh4 g5 7. Nf3 Bd7 8. Qd3
Qe7 9. Nc3 Nb4 10. Qd1 Ba4 11. Nxa4 Qd7 12. Nc3 O-O-O 13. a3 Nc6 14. a4 Bb4 15.
Ne5 Nxe5 16. dxe5 Ne4 17. Qd4 c5 18. Qd3 c4 19. Qe2 Qc7 20. f3 Nxc3 21. bxc3
Bxc3+ 22. Bd2 Bxa1 23. Bb4 Bxe5 24. g3 Qd7 25. Bh3 Qxa4 26. Kd2 Qxb4+ 27. c3
Qxc3+ 28. Kd1 Qa1+ 29. Kc2 Qxh1 30. Bf1 Rd6 31. Qg2 Qxg2+ 32. Bxg2 Rb6 33. f4 a5
34. h4 a4 35. e4 a3 36. g4 a2 37. fxe5 Rb3 38. h5 a1=Q 39. exd5 Qa2+ 40. Kd1
Rb1# 0-1

[Event "Challenge"]
[Site "http://www.queenalice.com/game.php?id=1788731"]
[Date "2022.5.10"]
[Round "-"]
[White "jrgo"]
[Black "Aquarebel"]
[Result "0-1"]
[WhiteElo "1092"]
[BlackElo "1508"]

1. d4 d5 2. Nf3 f5 3. Ne5 e6 4. e4 fxe4 5. Qg4 g5 6. f4 h5 7. Qe2 g4 8. h3 g3 9.
f5 exf5 10. Ng6 Rh6 11. Ne5 Qd6 12. Bxh6 Qxh6 13. Nc3 Bb4 14. Qb5+ c6 15. Qxb4
h4 16. Rd1 Na6 17. Qa4 b5 18. Qa5 Qd6 19. Rd2 e3 20. Re2 f4 21. Ng4 Ne7 22. Ne5
b4 23. Na4 Rb8 24. c4 dxc4 25. Rd2 exd2+ 26. Kxd2 Qxd4+ 27. Bd3 Rb5 28. Qxa6
Bxa6 29. Re1 Qf2+ 30. Kd1 Ra5 31. Bxc4 Qd4+ 32. Bd3 Bxd3 33. Nxd3 Rxa4 34. b3
Qxd3+ 35. Kc1 Qc3+ 36. Kd1 Rxa2 37. Re2 Qa1# 0-1

[Event "Challenge"]
[Site "http://www.queenalice.com/game.php?id=1788733"]
[Date "2022.5.11"]
[Round "-"]
[White "eduardocosta"]
[Black "jrgo"]
[Result "1-0"]
[WhiteElo "1633"]
[BlackElo "1111"]

1. e3 d5 2. c4 dxc4 3. Bxc4 c5 4. Nf3 h5 5. Ng5 g6 6. Nxf7 Qc7 7. Nxh8 Nf6 8.
Nxg6 Bg4 9. Be2 Bf5 10. Bxh5 Ne4 11. Nh4+ Kd7 12. Nxf5 e6 13. Nh4 c4 14. Bf3 Ng5
15. Qa4+ b5 16. Qxb5+ Kc8 17. Bxa8 Qb7 18. Qxb7+ Kd8 19. Qxb8+ Kd7 20. Qxf8 Nh7
21. Qf7+ Kd6 22. Qxh7 e5 23. Nc3 a5 24. O-O a4 25. Nxa4 e4 26. Qxe4 c3 27. Nxc3
Kd7 28. g4 Kd6 29. g5 Kc5 30. g6 Kb6 31. g7 Ka7 32. g8=Q Kb6 33. Qgd5 Ka6 34.
Qee6+ Ka7 35. Qb7# 1-0

[Event "Challenge"]
[Site "http://www.queenalice.com/game.php?id=1789502"]
[Date "2022.5.24"]
[Round "-"]
[White "game"]
[Black "jrgo"]
[Result "0-1"]
[WhiteElo "1256"]
[BlackElo "1090"]

1. e4 e5 2. Nf3 Nc6 3. Bc4 b5 4. Bb3 Qf6 5. d4 exd4 6. e5 Qf5 7. Ng5 Be7 8. Nxf7
Bb4+ 9. Bd2 d3 10. cxd3 Qxd3 11. Nxh8 Nge7 12. Bf7+ Kf8 13. Bb3 Nxe5 14. a3 Bc5
15. Bf7 d5 16. Qh5 Nc4 17. Qg5 Nxd2 18. Nxd2 Bxf2+ 19. Kxf2 Bf5 20. Qh4 Qxd2+
21. Kf3 Nc6 22. Rad1 Qxb2 23. Rhe1 Qxa3+ 24. Kf2 g6 25. Qe7+ Nxe7 26. Kg1 Bc2
27. Rd2 Ba4 28. Rf2 g5 29. Bxd5+ Ke8 30. Bxa8 g4 31. Bc6+ Kd8 32. Bb7 c6 33.
Rfe2 Nf5 34. Rd2+ Kc7 35. Ba6 Nh4 36. g3 Nf3+ 37. Kg2 Nxe1+ 38. Kf1 Qc1 39. Rd4
c5 40. Rxg4 b4 41. Rg7+ Kb6 42. Bc8 Bb5+ 43. Kf2 Nd3+ 44. Kg2 Ne1+ 45. Kh3 Qh6+
46. Kg4 Qxg7+ 47. Kf5 Qxh8 0-1

[Event "Challenge"]
[Site "http://www.queenalice.com/game.php?id=1789503"]
[Date "2022.5.24"]
[Round "-"]
[White "jrgo"]
[Black "game"]
[Result "0-1"]
[WhiteElo "1106"]
[BlackElo "1215"]

1. e4 e5 2. Nc3 Nf6 3. Qf3 d6 4. Nb5 a6 5. Na3 d5 6. Nb1 dxe4 7. Qe3 Nc6 8. a4
Bf5 9. c4 Nd4 10. f4 Nc2+ 11. Ke2 Nxa1 12. Nc3 Nc2 13. Qg3 Nd4+ 14. Ke1 Nc2+ 15.
Ke2 Bg4+ 16. Kf2 Nd4 17. Ke3 Nc2+ 18. Kf2 Bc5+ 19. d4 Bxd4+ 20. Be3 Bxe3+ 21.
Qxe3 Nxe3 22. Kxe3 O-O 23. Be2 Qd4# 0-1